Moving horizon: a collection of poems (Record no. 212326)
[ view plain ]
| 000 -LEADER | |
|---|---|
| fixed length control field | 00479nam a2200169Ia 4500 |
| 008 - FIXED-LENGTH DATA ELEMENTS--GENERAL INFORMATION | |
| fixed length control field | 210719s1991 xx 000 0 und d |
| 041 ## - LANGUAGE CODE | |
| Language code of text/sound track or separate title | eng |
| 082 ## - DEWEY DECIMAL CLASSIFICATION NUMBER | |
| Classification number | 820.13 SKAM |
| 100 ## - MAIN ENTRY--PERSONAL NAME | |
| Personal name | SKANDA PRASAD (V S) |
| 245 ## - TITLE STATEMENT | |
| Title | Moving horizon: a collection of poems |
| 260 ## - PUBLICATION, DISTRIBUTION, ETC. | |
| Place of publication, distribution, etc. | Mangalore |
| Name of publisher, distributor, etc. | Chetana Books |
| Date of publication, distribution, etc. | 1991 |
| 300 ## - PHYSICAL DESCRIPTION | |
| Extent | xi,216 |
| Other physical details | PB |
| 365 ## - TRADE PRICE | |
| Price amount | 32 |
| Currency code | Rs |
| 650 ## - SUBJECT ADDED ENTRY--TOPICAL TERM | |
| Topical term or geographic name entry element | English Poetry |
| 650 ## - SUBJECT ADDED ENTRY--TOPICAL TERM | |
| Topical term or geographic name entry element | Indian English Poetry |
| 906 ## - LOCAL DATA ELEMENT F, LDF (RLIN) | |
| a | a ; collection ; horizon: ; Moving ; of ; poems. |
| Withdrawn status | Lost status | Damaged status | Not for loan | Collection code | Home library | Current library | Date acquired | Cost, normal purchase price | Total Checkouts | Full call number | Barcode | Date last seen | Price effective from | Koha item type |
|---|---|---|---|---|---|---|---|---|---|---|---|---|---|---|
| St Aloysius Library | St Aloysius Library | 04/03/1995 | 32.00 | 820.13 SKAM | D00352 | 07/19/2021 | 07/19/2021 | Donated Books |